Eric Bana Filmography - Statistics

General Stats
  • This quiz has been taken 54 times
    13 since last reset
  • The average score is 24 of 51
Answer Stats
Type Year Name % Correct
Film 2000 Chopper
88%
Film 2001 Black Hawk Down
75%
Film 2024 Force of Nature: The Dry 2
75%
Film 2003 Hulk
75%
Video Game 2003 Hulk
75%
Film 2020 The Dry
75%
Film 2004 Troy
75%
Film 2005 Munich
63%
Film 2008 The Other Boleyn Girl
63%
Web Mini-Series 2025 Untamed
63%
TV Film 1996 Eric
50%
TV Show 1997 Eric
50%
Film 2003 Finding Nemo
50%
TV Show 1993-1997 Full Frontal
50%
Film 2011 Hanna
50%
Film 2017 King Arthur: Legend of the Sword
50%
Documentary 2009 Love the Beast
50%
Film 2009 Star Trek
50%
Film 1997 The Castle
50%
TV Show 1997 The Eric Bana Show Live
50%
Film 2002 The Nugget
50%
TV Show 1999-2000 All Saints
38%
Film TBA Apex
38%
Short Film 2000 Arctic Adventure
38%
Film 2024 A Sacrifice
38%
Film 2021 Back to the Outback
38%
Film 2022 Blueback
38%
Film 2022 Chip 'n' Dale: Rescue Rangers
38%
Film 2013 Closed Circuit
38%
Film 2012 Deadfall
38%
Film 2014 Deliver Us from Evil
38%
TV Show 2018-2019 Dirty John
38%
Documentary 2021 Envoy: Shark Cull
38%
Film 2009 Funny People
38%
Documentary 2018 Great Barrier Reef
38%
Film 2013 Lone Survivor
38%
Film 2007 Lucky You
38%
Film 2009 Mary and Max
38%
Film 2024 Memoir of a Snail
38%
Film 2007 Romulus, My Father
38%
TV Show 2000-2001 Something in the Air
38%
Film 2016 Special Correspondents
38%
Documentary Series 2015-2017 Stop Laughing... This Is Serious
38%
Documentary 2013 Tempest at the Drop-In
38%
Documentary 2004 Terrors of Tasmania
38%
Film 2016 The Finest Hours
38%
Film 2018 The Forgiven
38%
Web Series 2018 The Joel McHale Show with Joel McHale
38%
Podcast 2021 The Orchard
38%
Film 2016 The Secret Scripture
38%
Film 2009 The Time Traveler's Wife
38%
No matching quizzes found
Score Distribution
Percent of People with Each Score
Percentile by Number Answered
Your Score History
You have not taken this quiz since the last reset